000 01218nam a2200373 i 4500
999 _c1586
_d1586
001 022637580
003 UkOxU
005 20230113161859.0
008 200602t20202020enka j 001|0ceng c
015 _aGBC099568
_2bnb
016 7 _a019865728
_2Uk
020 _a9780702301902 (pbk.) :
035 _a(UkCU)991006804362503606
035 _a(Uk)019865728
035 _a()9780702301902
035 _a(StEdALDL)1/3984278
040 _aStDuBDS
_beng
_erda
_cStDuBDS
_dUkCU
_dKH8
042 _aukscp
082 0 4 _a920.72 CRO
_223
100 1 _aCrossman, Victoria,
_eauthor,
_eillustrator.
245 1 0 _aQueens :
_b3,000 years of the most powerful women in history /
_cVictoria Crossman.
246 1 3 _aQueens three thousand years of the most powerful women in history
264 1 _aLondon :
_bScholastic,
_c2020.
264 4 _c©2020
300 _a157 pages :
_billustrations (colour) ;
_c25 cm
336 _atext
_2rdacontent
336 _astill image
_2rdacontent
337 _aunmediated
_2rdamedia
338 _avolume
_2rdacarrier
500 _aIncludes index.
650 0 _aQueens
_vBiography
_vJuvenile literature.
650 0 _aWomen heads of state
_vBiography
_vJuvenile literature.
942 _2ddc
_cNFIC